000 02532cam a22005534i 4500
003 PE-LiUPU
005 20250731165450.0
008 170601s2017 sp a rb 000 0 esp d
035 _a(Sirsi) a204199
035 _a(OCoLC)978628487
040 _aPE-LiUPU
_bspa
_cPE-LiUPU
_erda
049 _aPRUA
082 0 4 _a070.4
_bP23
_220
100 1 _aPaniagua, Pedro.,
_eautor.
245 1 3 _aManual práctico de redacción periodística :
_bgéneros informativos, interpretativos y de opinión /
_cSonia Parrat (coord.), Pedro Paniagua, Paloma Abejón.
264 1 _aMadrid :
_bSíntesis,
_c2017.
300 _a281 páginas :
_bilustraciones ;
_c23 centimetros
336 _atext
_2rdacontent
337 _aunmediated
_2rdamedia
338 _avolume
_2rdacarrier
504 _aBibliografía : páginas 281.
505 0 _aLa función social del periodismo y la ética periodística -- El proceso informativo -- El lenguaje informativo -- Los abastecedores de noticias -- La noticia y los gérneros periodísticos -- Cómo se estructura y redacta una noticia -- Los elementos de titulación de la noticia -- El inicio y el desarrollo de la noticia -- La entrevista -- La crónica -- Conceptos fundamentales de las géneros de opinión -- Ética y deontología en la opinión. ¿vale todo? -- El editorial -- El suelto o glosa -- Las tribunas de opinión -- Las columnas -- La crítica -- La tertulia.
526 _aSEG44
526 _aSEG26
526 _aP151
526 _aP150
526 _aP149
526 _aP146
526 _aP145
526 _aP126
526 _aP125
526 _aP92
526 _aP75
526 _aP74
526 _aP27
526 _aP15
541 _g001-003373;
650 0 4 _aPeriodismo
_9384
650 0 4 _aGéneros periodísticos.
650 0 4 _aArte de escribir
_92022
650 0 4 _aBúsquedas en internet.
700 1 _aParrat, Sonia,
_eeditor.
910 _ajck
_bjvq
_cjpc
_d20170601
942 _2ddc
_cBOOK
949 _a070.4 P23
_wDEWEY
_c1
_i75920
_lCATALOGING
_mBUL
_p50
_r0
_sY
_tBOOK
_u2017-06-01
_xTEOLOGIA
_zPOSGRADO TEOLOGÍA
_0COMPRA
_o.CIRCNOTE. El documento es de alto precio.
_o.STAFF. Colección Teología
994 _aC0
_bPEPRU
596 _a1
999 _a070.4 P23
_wLC
_c20573
_i75920
_d20573
_e2020-1-12
_f2021-11-30
_g4
_lCCODEBUL1
_mBUL
_n2
_p50.00
_r0
_sY
_tBOOK
_u2017-6-1
_xEDUCACION
_PP07
_0COMPRA
_o.STAFF. Colección Ciencias Humanas y Educación
980 _81
_gALBERTO SANCHEZ Responsable de Automatización